An introduction to the chemistry of the silicones.

Bibliographic Details
Main Author: Rochow, Eugene George, 1909-
Format: Book
Language:English
Published: New York : Wiley, [1951]
Edition:2d ed.
Subjects:

MARC

Tag First Indicator Second Indicator Subfields
LEADER 00000cam a2200000 4500
001 in00000040969
005 20151007070551.0
008 730119s1951 nyua b 00000 eng u
010 |a  51011753  
035 |a (OCoLC)00543362 
035 |9 AAE4265AM 
040 |c WSU  |d TXA  |d UtOrBLW 
049 |a TXAM  |c 2 [422428] 
050 0 |a QD412.S6  |b R6 1951 
092 |a 546.28  |b R681i2 
100 1 |a Rochow, Eugene George,  |d 1909- 
245 1 3 |a An introduction to the chemistry of the silicones. 
250 |a 2d ed. 
264 1 |a New York :  |b Wiley,  |c [1951] 
300 |a xiv, 213 pages :  |b illustrations ;  |c 24 cm. 
336 |a text  |b txt  |2 rdacontent 
337 |a unmediated  |b n  |2 rdamedia 
338 |a volume  |b nc  |2 rdacarrier 
504 |a Bibliography: pages 189-200. 
650 0 |a Silicon. 
650 0 |a Silicones. 
650 0 |a Organosilicon compounds. 
999 |a MARS 
999 f f |s 818b07c2-48f1-3434-aff8-d33a40a36604  |i aeeb4805-19c1-3c38-a671-5ea7250a4183  |t 0 
952 f f |p ric  |a Texas A&M University  |b Rellis Campus  |c Joint Library Facility  |s JLF  |d Remote Storage  |t 0  |e QD412.S6 R6 1951  |h Library of Congress classification  |i unmediated -- volume  |m A14800941936 
998 f f |a QD412.S6 R6 1951  |t 0  |l Remote Storage